Famous 'St' People Quiz Stats

Quiz Updated Aug 10, 2015

Also try: Famous 'Ch' People
Challenge
Share
Tweet
Score 0/20 Timer 05:00
3 Plays Today
% Correct
Sylvester Stallone
93.7%
Meryl Streep
92.2%
Ben Stiller
92.2%
Sting
87.9%
Joseph Stalin
87.7%
Barbra Streisand
85%
Gwen Stefani
79.1%
Emma Stone
74.5%
Ringo Starr
74.3%
John Stamos
73.2%
% Correct
Howard Stern
72.5%
James Stewart
62.1%
Jason Statham
57.8%
Harry Styles
54.6%
Julia Stiles
52.9%
Michael Stipe
39.5%
Cat Stevens
32.8%
Harry Dean Stanton
12.9%
Gloria Stuart
11.5%
Joe Strummer
8.9%

You're not logged in!

Compare scores with friends on all Sporcle quizzes.
Sign Up with Email
OR
Log In

You Might Also Like...

Show Comments

Extras

Top Quizzes Today


Score Distribution

Your Account Isn't Verified!

In order to create a playlist on Sporcle, you need to verify the email address you used during registration. Go to your Sporcle Settings to finish the process.

Report this User

Report this user for behavior that violates our Community Guidelines.

Details: